[Event "Santiago Endesa 15"]
[Site "Santiago de Chile"]
[Date "2009.07.13"]
[Round "6"]
[White "Karmelic Varela, Jorge"]
[Black "Gaete Zuniga, Manuel"]
[Result "0-1"]
[WhiteElo "1939"]
[BlackElo "1946"]
[PlyCount "68"]
[EventDate "2009.07.01"]
[EventType "tourn"]
[EventRounds "11"]
[EventCountry "CHI"]
[SourceTitle "EXT 2012"]
[Source "ChessBase"]
[SourceDate "2011.11.24"]
[SourceVersion "1"]
[SourceVersionDate "2011.11.24"]
[SourceQuality "1"]

1. e4 e5 2. Nc3 Nf6 3. g3 Bc5 4. Bg2 0-0 5. Nge2 d6 6. 0-0 Bg4 7. h3 Be6 8. Kh2 Nc6 9. d3 d5 10. Bg5 d4 11. Nd5 Be7 12. Nxe7+ Qxe7 13. f4 Rad8 14. fxe5 Ng4+ 15. hxg4 Qxg5 16. Nf4 Bxg4 17. Bf3 Nxe5 18. Be2 Rd6 19. Kg2 Bxe2 20. Qxe2 Ng4 21. Rh1 Ne3+ 22. Kf2 g6 23. Rh3 Re8 24. Rah1 h5 25. Nxh5 gxh5 26. Rxh5 Rf6+ 27. Ke1 Qxg3+ 28. Kd2 Kf8 29. R5h3 Qf2 30. R3h2 Nf1+ 31. Kd1 Nxh2 32. Rxh2 Qg1+ 33. Kd2 Qg5+ 34. Kd1 Ke7 0-1

[Event "Santiago Endesa op 1st"]
[Site "Santiago de Chile"]
[Date "2009.04.28"]
[Round "3"]
[White "Caurapan Osses, Jaime"]
[Black "Karmelic Varela, Jorge"]
[Result "1-0"]
[WhiteElo "2167"]
[BlackElo "1945"]
[PlyCount "67"]
[EventDate "2009.04.21"]
[EventType "swiss"]
[EventRounds "9"]
[EventCountry "CHI"]
[SourceTitle "EXT 2012"]
[Source "ChessBase"]
[SourceDate "2011.11.24"]
[SourceVersion "1"]
[SourceVersionDate "2011.11.24"]
[SourceQuality "1"]

1. e4 c5 2. Nc3 e6 3. g3 a6 4. Bg2 Qc7 5. Nge2 Nc6 6. 0-0 Nf6 7. d3 Be7 8. f4 d6 9. Kh1 0-0 10. Be3 Bd7 11. h3 Rad8 12. Bg1 b5 13. g4 b4 14. Nb1 a5 15. Nd2 h6 16. Nf3 d5 17. e5 Nh7 18. Bh2 f6 19. exf6 gxf6 20. f5 Bd6 21. Bxd6 Qxd6 22. Qd2 Kg7 23. fxe6 Bxe6 24. Nf4 Bf7 25. Nh4 Ne7 26. Rae1 Kg8 27. Rxe7 Qxe7 28. Nf5 Qd7 29. Nxh6+ Kg7 30. Nxf7 Qxf7 31. Nh5+ Kh8 32. Qh6 Kg8 33. g5 Nxg5 34. Nxf6+ 1-0

[Event "Santiago Endesa Interempresas op"]
[Site "Santiago de Chile"]
[Date "2008.06.10"]
[Round "5"]
[White "Gonzalez Vassallo, Juan Francisco"]
[Black "Karmelic Varela, Jorge"]
[Result "1/2-1/2"]
[WhiteElo "2045"]
[BlackElo "1964"]
[PlyCount "67"]
[EventDate "2008.05.13"]
[EventType "swiss"]
[EventRounds "9"]
[EventCountry "CHI"]
[SourceTitle "EXT 2012"]
[Source "ChessBase"]
[SourceDate "2011.11.24"]
[SourceVersion "1"]
[SourceVersionDate "2011.11.24"]
[SourceQuality "1"]

1. c4 e5 2. g3 Nf6 3. Bg2 Nc6 4. Nc3 Bc5 5. a3 a5 6. e3 0-0 7. Nge2 Re8 8. d3 d6 9. 0-0 Bg4 10. h3 Be6 11. d4 exd4 12. exd4 Nxd4 13. Nxd4 Bxc4 14. Bg5 Bxf1 15. Kxf1 c6 16. Ne4 Bxd4 17. Qxd4 Re6 18. Nxf6+ gxf6 19. Bh6 Kh8 20. Be4 Qe7 21. Bf5 Re5 22. g4 Re8 23. Kg2 Rg8 24. Qd3 Rd5 25. Qf3 Qe5 26. Be4 Rd4 27. Re1 d5 28. Bxh7 Qxe1 29. Be3 Kxh7 30. Qxf6 Rgxg4+ 31. hxg4 Rxg4+ 32. Kh3 Rg7 33. Qh4+ Kg8 34. Qd8+ 1/2-1/2